Contemporary's practical English writing skills: A handbook with practice

The book helps students of English further develop the writing skills they need to succeed in school, on the job or at home. This book discusses and explains in a straightforward, helpful manner each type of writing including job applications, cover letters, requesting an interview, essays, bibliogr...

Πλήρης περιγραφή

Αποθηκεύτηκε σε:
Λεπτομέρειες βιβλιογραφικής εγγραφής
Κύριος συγγραφέας: Scheraga, Mona
Μορφή: Βιβλίο
Γλώσσα:Undetermined
Έκδοση: Lincolnwood, Illinois Contemporary Books 1999
Θέματα:
Ετικέτες: Προσθήκη ετικέτας
Δεν υπάρχουν, Καταχωρήστε ετικέτα πρώτοι!
Thư viện lưu trữ: Trung tâm Học liệu Trường Đại học Cần Thơ
LEADER 01030nam a2200217Ia 4500
001 CTU_126422
008 210402s9999 xx 000 0 und d
082 |a 808.042 
082 |b S326 
100 |a Scheraga, Mona 
245 0 |a Contemporary's practical English writing skills: 
245 2 |b A handbook with practice 
245 0 |c Mona Scheraga 
260 |a Lincolnwood, Illinois 
260 |b Contemporary Books 
260 |c 1999 
520 |a The book helps students of English further develop the writing skills they need to succeed in school, on the job or at home. This book discusses and explains in a straightforward, helpful manner each type of writing including job applications, cover letters, requesting an interview, essays, bibliographies, résumés, college applications, outlines, note-taking, and research papers. 
650 |a English language,English language 
650 |x Composition and exercises,Rhetoric. 
904 |i Minh, Huỳnh Mai 
980 |a Trung tâm Học liệu Trường Đại học Cần Thơ